The Spy went dancing

Bibliographic Details
Main Author: Aline, Countess of Romanones
Format: Book
Published: New York : G.P.Putnam's Sons , 1990
Subjects:

MARC

LEADER 00000cam a2200000 7i4500
001 0000003873
002 000004174
005 20000330.0
020 |a 039913509X 
090 0 0 |a 940.548673   |b ALI 
100 1 |a Aline, Countess of Romanones 
245 1 4 |a The Spy went dancing   |c Aline Countess of Romanones 
260 |a New York :   |b G.P.Putnam's Sons ,   |c 1990 
300 |a 319p. ;   |c 24cm. 
650 0 0 |a Spies   |z United States   |x Biography 
650 0 0 |a Worud War,1939-1945 secret services   |z United States 
999 |a 032345   |b BUKU   |c PINJAMAN   |e PERPUSTAKAAN KOMUNITI PETALING JAYA 
999 |a 032346   |b BUKU   |c PINJAMAN   |e PERPUSTAKAAN KOMUNITI PETALING JAYA 
999 |a 032347   |b BUKU   |c PINJAMAN   |e PERPUSTAKAAN KOMUNITI PETALING JAYA